Normal view MARC view
  • Planificación de recursos humanos

Entry Materia

Number of records used in: 9

001 - NÚMERO DE CONTROL DEL REGISTRO

  • campo de control: 1103

003 - IDENTIFICADOR DE NUMERO DE CONTROL

  • campo de control: UPN

005 - FECHA Y HORA DE LA ÚLTIMA TRANSACCIÓN

  • campo de control: 20220811144433.0

008 - DATOS DE LONGITUD FIJA

  • campo de control de longitud fija: 220811n||acnnnbabn | ana |d

035 ## - NÚMERO DE CONTROL DEL SISTEMA

  • Número de control del sistema: UPN10000001103

040 ## - FUENTE DE LA CATALOGACIÓN

  • Centro catalogador de origen: UPN
  • Lengua de catalogación: spa
  • Agencia de transcripción: UPN

046 ## - FECHAS CON CODIFICACIÓN ESPECIAL

  • Fecha final para contenidos agregados: 2022

053 #4 - NÚMERO CLASIFICADOR - BIBLIOTECA DEL CONGRESO (LC)

  • Elemento numérico de la clasificación - Número único o no. inicial del rango: HF5549.5 M3

150 ## - ENCABEZAMIENTO - TEMÁTICO

  • Término de materia o nombre geográfico como elemento inicial: Planificación de recursos humanos

450 ## - VÉASE - MATERIA

  • Encabezamiento temático: Recursos humanos
  • Subdivisión temática general: Planificación

670 ## - FUENTE EN LA QUE SE LOCALIZARON DATOS

  • Cita de la fuente: SHLC
  • Información localizada: Manpower planning

680 ## - NOTA GENERAL CON DESPLIEGUE PÚBLICO

  • Texto explicativo: Aquí se asientan los trabajos que tratan sobre la estregia de gerencia para la adquisición, utlización y mejora de los recursos humanos de una empresa. Los trabajos que tratan sobre la política y esfuerzo del gobierno de efectuar el desarrollo, asignación y utilización de recursos humanos dentro de un mercado laboral se asentarán bajo
  • Encabezamiento: POLITICA DE RECURSOS HUMANOS

902 ## - CATALOGADOR

  • Catalogador: MMA/071102